[Event "C.to Regionale Abruzzo"]
[Site "Cappelle sul Tavo ITA"]
[Date "2013.05.11"]
[Round "1"]
[White "Di Gregorio, Romeo"]
[Black "Coronel, Joshua"]
[WhiteElo "1467"]
[BlackElo "1948"]
[Result "1/2-1/2"]
[PlyCount "55"]
[EventDate "2013.05.11"]

1. c4 Nf6 2. Nc3 g6 3. Nf3 Bg7 4. g3 c6 5. Bg2 O-O 6. O-O d6 7. d4 Nbd7 8. e4
e5 9. h3 exd4 10. Nxd4 Nc5 11. b4 Ne6 12. Be3 Re8 13. Rc1 Nxd4 14. Bxd4 Be6 15.
Qd3 Qd7 16. Kh2 Nh5 17. Rfd1 f5 18. Bxg7 Nxg7 19. e5 Qf7 20. Qxd6 Bxc4 21. a3
Bb3 22. Rd2 Rad8 23. Qxd8 Rxd8 24. Rxd8+ Ne8 25. f4 Qe7 26. Rd2 g5 27. Ne2 Nc7
28. Nd4 1/2-1/2

[Event "C.to Regionale Abruzzo"]
[Site "Cappelle sul Tavo ITA"]
[Date "2013.05.11"]
[Round "1"]
[White "Marrocco, Dario"]
[Black "Cerquitella, Luca"]
[WhiteElo "1723"]
[BlackElo "2291"]
[Result "0-1"]
[PlyCount "40"]
[EventDate "2013.05.11"]

1. e4 Nc6 2. Nf3 e5 3. d4 exd4 4. Nxd4 Qf6 5. Be3 Bc5 6. c3 Nge7 7. Be2 b6 8.
O-O Bb7 9. Nb5 O-O-O 10. Bxc5 bxc5 11. Nd2 Ng6 12. Qa4 Nf4 13. Bf3 a6 14. Na3
Ne5 15. Nac4 Nxf3+ 16. Nxf3 Qg6 17. g3 Nh3+ 18. Kg2 Qxe4 19. Nd6+ cxd6 20. Qxe4
Bxe4 0-1

[Event "C.to Regionale Abruzzo"]
[Site "Cappelle sul Tavo ITA"]
[Date "2013.05.11"]
[Round "1"]
[White "Pacilli, Emanuele"]
[Black "Ramundi, Lorenzo"]
[WhiteElo "2171"]
[BlackElo "1649"]
[Result "0-1"]
[PlyCount "154"]
[EventDate "2013.05.11"]

1. Nf3 c5 2. g3 g6 3. Bg2 Bg7 4. O-O Nf6 5. d3 d5 6. Nbd2 Nc6 7. c3 O-O 8. Qc2
e6 9. Re1 Re8 10. e4 Ng4 11. Nf1 d4 12. Bg5 f6 13. Bd2 Nge5 14. Nxe5 Nxe5 15.
c4 Nc6 16. a3 Qb6 17. b4 a5 18. bxa5 Nxa5 19. Reb1 Qd6 20. Rb5 Nc6 21. Bc1 Ra6
22. Rab1 Na5 23. Bd2 Nc6 24. Qb3 Na7 25. Ra5 Rxa5 26. Bxa5 Nc6 27. Qb6 Bf8 28.
Bd2 Ne5 29. Qb3 Nd7 30. h4 b6 31. Nh2 Bb7 32. e5 Qc7 33. Bxb7 Qxb7 34. exf6 Rb8
35. f7+ Kxf7 36. Qd1 Ra8 37. Bc1 Kg8 38. h5 Nf6 39. hxg6 hxg6 40. Qe2 Re8 41.
Qe5 Bg7 42. Qxc5 bxc5 43. Rxb7 e5 44. f3 Ra8 45. g4 Kf8 46. Nf1 Kg8 47. Ng3 Bf8
48. g5 Nh5 49. Nxh5 gxh5 50. Kg2 Bg7 51. Rb5 Rc8 52. a4 Kh7 53. a5 Kg6 54. Rb6+
Kf5 55. a6 Ra8 56. Kg3 Bh8 57. Ba3 Kxg5 58. Bxc5 h4+ 59. Kg2 Kf4 60. Rd6 Rg8+
61. Kh3 Kxf3 62. Kxh4 Ke3 63. Bb6 Kxd3 64. c5 e4 65. c6 e3 66. c7 e2 67. Ba5
Be5 68. Re6 e1=Q+ 69. Bxe1 Bxc7 70. Rc6 Ke2 71. Re6+ Kd1 72. Bb4 d3 73. Rc6 Bf4
74. Rc4 Bg3+ 75. Kh3 Be1 76. Bxe1 Kxe1 77. Rg4 Rxg4 0-1

[Event "C.to Regionale Abruzzo"]
[Site "Cappelle sul Tavo ITA"]
[Date "2013.05.11"]
[Round "2"]
[White "Cerquitella, Luca"]
[Black "Cerasoli, Mauro"]
[WhiteElo "2291"]
[BlackElo "1723"]
[Result "1-0"]
[PlyCount "109"]
[EventDate "2013.05.11"]

1. e4 d6 2. d4 g6 3. Nc3 Bg7 4. Nf3 Bg4 5. Be2 Nf6 6. O-O O-O 7. h3 Bxf3 8.
Bxf3 c6 9. a4 a5 10. Re1 Qc7 11. Be3 Nbd7 12. Qd2 e5 13. Rad1 Rfe8 14. d5 c5
15. Nb5 Qb8 16. g4 Nb6 17. b3 Rd8 18. Kg2 Ne8 19. Rh1 Nc7 20. Na3 Qc8 21. g5
Qd7 22. Bg4 Qe7 23. c4 Nd7 24. h4 f6 25. Rh3 Rf8 26. Qc2 Rf7 27. Nb5 Nxb5 28.
axb5 Nf8 29. Rdh1 b6 30. Rd1 Ra7 31. Rdh1 Ra8 32. gxf6 Bxf6 33. h5 g5 34. h6
Kh8 35. Bh5 Ng6 36. Bxg6 hxg6 37. Rg3 Kh7 38. Qd2 Raf8 39. Qe2 Qd8 40. Ra1 Be7
41. Rg1 Rf4 42. Rg4 Rf3 43. Qxf3 Rxf3 44. Kxf3 Kxh6 45. Ke2 Kg7 46. Bxg5 Bxg5
47. Rxg5 Qf6 48. R1g4 Kh6 49. Rxg6+ Qxg6 50. Rxg6+ Kxg6 51. Kf3 Kg5 52. Kg3 Kf6
53. Kh4 Kg6 54. Kg4 Kf6 55. Kh5 1-0

[Event "C.to Regionale Abruzzo"]
[Site "Cappelle sul Tavo ITA"]
[Date "2013.05.11"]
[Round "2"]
[White "Coronel, Joshua"]
[Black "Pacilli, Emanuele"]
[WhiteElo "1948"]
[BlackElo "2171"]
[Result "1-0"]
[PlyCount "47"]
[EventDate "2013.05.11"]

1. e4 c5 2. Nf3 Nc6 3. d4 cxd4 4. Nxd4 Qc7 5. Be3 e6 6. Nc3 Nf6 7. Bd3 Bb4 8.
O-O a6 9. f4 Bc5 10. Nf5 Qb6 11. Nd6+ Kf8 12. Bf2 Bxf2+ 13. Rxf2 Qxb2 14. Qe1
Ng4 15. Rf1 f6 16. Rb1 Qa3 17. Nxc8 Rxc8 18. Rxb7 Na5 19. Rxd7 Nc4 20. Bxc4
Qc5+ 21. Kh1 Qxc4 22. Rf3 Rg8 23. Qd2 Ke8 24. Qd6 1-0

[Event "C.to Regionale Abruzzo"]
[Site "Cappelle sul Tavo ITA"]
[Date "2013.05.11"]
[Round "2"]
[White "Ramundi, Claudia"]
[Black "Di Gregorio, Romeo"]
[WhiteElo "1581"]
[BlackElo "1467"]
[Result "0-1"]
[PlyCount "84"]
[EventDate "2013.05.11"]

1. e4 c5 2. Nc3 e6 3. f4 g6 4. Nf3 Bg7 5. Be2 Nc6 6. d3 Nge7 7. O-O d6 8. Qe1
a6 9. Bd2 b5 10. Rb1 Bd7 11. a3 Nd4 12. Nxd4 Bxd4+ 13. Kh1 Nc6 14. Nd1 O-O 15.
Bc3 Qc7 16. Nf2 Rab8 17. Bxd4 cxd4 18. Ng4 f5 19. Nf2 b4 20. axb4 Nxb4 21. c3
Nc6 22. Qd2 Rfc8 23. Rfc1 Qa7 24. Bf3 Na5 25. cxd4 Rxc1+ 26. Qxc1 Nb3 27. Qe1
Qxd4 28. g3 Nc5 29. Qd2 Rb3 30. exf5 gxf5 31. Qa5 Qf6 32. Qd2 Bb5 33. d4 Nd3
34. Nxd3 Rxd3 35. Qf2 Bc4 36. Rd1 Rxf3 37. Qc2 Bd5 38. Kg1 Qd8 39. Qe2 Qb6 40.
Qe1 Qxb2 41. Qa5 Qf2+ 42. Kh1 Rd3+ 0-1

[Event "C.to Regionale Abruzzo"]
[Site "Cappelle sul Tavo ITA"]
[Date "2013.05.11"]
[Round "2"]
[White "Ramundi, Lorenzo"]
[Black "Scurti, Gino"]
[WhiteElo "1649"]
[BlackElo "1671"]
[Result "1-0"]
[PlyCount "42"]
[EventDate "2013.05.11"]

1. e4 c5 2. Nc3 Nc6 3. f4 d6 4. Nf3 g6 5. Bb5 Bd7 6. Bxc6 bxc6 7. d3 Bg7 8. O-O
Nf6 9. Qe1 O-O 10. Qh4 Nh5 11. g4 Bf6 12. Qh3 Ng7 13. e5 Qc8 14. exf6 Bxg4 15.
Qh4 Bxf3 16. fxg7 Kxg7 17. Rxf3 Rb8 18. f5 e5 19. f6+ Kg8 20. Qh6 Qg4+ 21. Rg3
Qd4+ 1-0

[Event "C.to Regionale Abruzzo"]
[Site "Cappelle sul Tavo ITA"]
[Date "2013.05.12"]
[Round "3"]
[White "Cerasoli, Mauro"]
[Black "Di Gregorio, Romeo"]
[WhiteElo "1723"]
[BlackElo "1467"]
[Result "0-1"]
[PlyCount "46"]
[EventDate "2013.05.11"]

1. d4 Nf6 2. c4 e6 3. Nc3 Bb4 4. Bg5 h6 5. Bh4 c5 6. a3 Bxc3+ 7. bxc3 Qa5 8.
Qb3 Ne4 9. dxc5 Nxc3 10. Qb4 Nc6 11. Qxa5 Nxa5 12. g4 Ne4 13. f3 Nxc5 14. e4 b6
15. Nh3 Ba6 16. Bg3 Rc8 17. Bd6 Rc6 18. e5 Bxc4 19. Nf2 f6 20. f4 fxe5 21. fxe5
Bxf1 22. Rxf1 Nc4 23. Bb8 O-O 0-1

[Event "C.to Regionale Abruzzo"]
[Site "Cappelle sul Tavo ITA"]
[Date "2013.05.12"]
[Round "3"]
[White "Cerquitella, Luca"]
[Black "Ramundi, Lorenzo"]
[WhiteElo "2291"]
[BlackElo "1649"]
[Result "1-0"]
[PlyCount "93"]
[EventDate "2013.05.11"]

1. e4 c5 2. c3 g6 3. d4 cxd4 4. cxd4 d5 5. exd5 Nf6 6. Bb5+ Nbd7 7. Nc3 Bg7 8.
d6 O-O 9. dxe7 Re8 10. Nf3 Qxe7+ 11. Be2 Nb6 12. O-O a6 13. h3 Qc7 14. Bg5 Bf5
15. Rc1 Qe7 16. Bd3 Qd7 17. Bxf5 Qxf5 18. Qb3 Qe6 19. Qxe6 Rxe6 20. Rfe1 Rae8
21. Rxe6 fxe6 22. Bxf6 Bxf6 23. Ne4 Bd8 24. b3 h6 25. a4 Kg7 26. Nc5 Re7 27.
Re1 Kf6 28. Ne5 Kg7 29. Ned3 Kf6 30. Nf4 Bc7 31. Nfxe6 Bd6 32. Re3 Bxc5 33.
Nxc5 Rxe3 34. fxe3 Nd5 35. Kf2 b5 36. Nxa6 bxa4 37. bxa4 Nc3 38. Nc5 Ke7 39. a5
Nb5 40. a6 Kd6 41. Kf3 Kc6 42. h4 Kb6 43. g4 g5 44. hxg5 hxg5 45. Ke4 Nd6+ 46.
Kd5 Nf7 47. Ke6 1-0

[Event "C.to Regionale Abruzzo"]
[Site "Cappelle sul Tavo ITA"]
[Date "2013.05.12"]
[Round "3"]
[White "Pacilli, Emanuele"]
[Black "Scurti, Gino"]
[WhiteElo "2171"]
[BlackElo "1671"]
[Result "1-0"]
[PlyCount "87"]
[EventDate "2013.05.11"]

1. e4 c5 2. Nf3 d6 3. d4 cxd4 4. Nxd4 Nf6 5. Nc3 Nc6 6. Bg5 e6 7. Qd2 a6 8.
O-O-O Be7 9. f4 h6 10. Bh4 O-O 11. Rg1 Ne8 12. Bxe7 Qxe7 13. Nf3 b5 14. g4 b4
15. Na4 Rb8 16. Qf2 Qc7 17. Qh4 b3 18. axb3 Rxb3 19. Nc3 Rxc3 20. bxc3 Qa5 21.
Bd3 Qxc3 22. Qe1 Qf6 23. Qe3 Qc3 24. Qe1 Qf6 25. Qg3 Qc3 26. Rdf1 Nb4 27. Ne1
Na2+ 28. Kd1 Qa1+ 29. Ke2 Qd4 30. Qe3 Nc3+ 31. Kf3 Qb4 32. Kg3 Bb7 33. e5 Nc7
34. exd6 Qxd6 35. Qe5 Qb4 36. Qxc7 Nd5 37. Qe5 Qe7 38. Nf3 f6 39. Qh5 Qd6 40.
Nh4 f5 41. gxf5 Nf6 42. Qg6 e5 43. Kh3 e4 44. Qxg7# 1-0

[Event "C.to Regionale Abruzzo"]
[Site "Cappelle sul Tavo ITA"]
[Date "2013.05.12"]
[Round "3"]
[White "Ramundi, Claudia"]
[Black "Coronel, Joshua"]
[WhiteElo "1581"]
[BlackElo "1948"]
[Result "0-1"]
[PlyCount "80"]
[EventDate "2013.05.11"]

1. e4 c5 2. Nc3 Nc6 3. f4 g6 4. Nf3 Bg7 5. Bb5 Nd4 6. O-O Nxb5 7. Nxb5 d5 8. d3
e6 9. Nc3 Ne7 10. Qe1 a6 11. a4 O-O 12. Qg3 f5 13. e5 Nc6 14. Ne2 Rb8 15. Bd2
b5 16. axb5 axb5 17. d4 c4 18. Nc3 Qb6 19. Qf2 Rf7 20. Ra2 Ra7 21. Rfa1 Rba8
22. Rxa7 Rxa7 23. Rxa7 Nxa7 24. Na2 Qa6 25. Nb4 Qa1+ 26. Qe1 Qxb2 27. Bc3 Qa3
28. Qd2 Bf8 29. Qe1 Bd7 30. Qd2 Nc6 31. Nxc6 Bxc6 32. Ng5 b4 33. Bxb4 Bxb4 34.
Qf2 Qc1+ 35. Qf1 Qxf1+ 36. Kxf1 Ba4 37. Nxe6 Bxc2 38. Ke2 Bd3+ 39. Kd1 c3 40.
Kc1 c2 0-1

[Event "C.to Regionale Abruzzo"]
[Site "Cappelle sul Tavo ITA"]
[Date "2013.05.12"]
[Round "4"]
[White "Di Gregorio, Romeo"]
[Black "Cerquitella, Luca"]
[WhiteElo "1467"]
[BlackElo "2291"]
[Result "0-1"]
[PlyCount "128"]
[EventDate "2013.05.11"]

1. c4 Nc6 2. Nc3 e5 3. g3 g6 4. Bg2 Bg7 5. d3 d6 6. Nf3 Nh6 7. O-O O-O 8. Rb1
a5 9. Bg5 f6 10. Bd2 Be6 11. h3 Qd7 12. Kh2 Nf7 13. a3 f5 14. b4 axb4 15. axb4
h6 16. h4 Ne7 17. Ne1 d5 18. cxd5 Nxd5 19. Qc2 Nxc3 20. Bxc3 c6 21. Rb2 Bd5 22.
e4 Be6 23. Nf3 Rad8 24. d4 Nd6 25. Nxe5 Bxe5 26. dxe5 Nc4 27. Ra2 f4 28. Re1 b5
29. Raa1 g5 30. Qd1 Qf7 31. Qf3 fxg3+ 32. Qxg3 Qxf2 33. Rf1 Qxg3+ 34. Kxg3 Rd3+
35. Kh2 Rxc3 36. Rxf8+ Kxf8 37. Ra8+ Ke7 38. Ra7+ Bd7 39. e6 Kxe6 40. Bh3+
Rxh3+ 41. Kxh3 Kd6+ 42. Kg3 gxh4+ 43. Kxh4 Ne5 44. Ra1 Bg4 45. Kg3 h5 46. Ra2
Ke6 47. Rc2 Bd1 48. Rd2 Bb3 49. Kf4 Bc4 50. Rh2 h4 51. Rh1 Nd3+ 52. Ke3 Nxb4
53. Rxh4 Kd6 54. Rh6+ Be6 55. Kd4 c5+ 56. Kc3 Nc6 57. Rh5 b4+ 58. Kb2 Ne5 59.
Kc2 c4 60. Rh8 Nc6 61. Re8 Nd4+ 62. Kb1 c3 63. Rb8 b3 64. e5+ Kxe5 0-1

[Event "C.to Regionale Abruzzo"]
[Site "Cappelle sul Tavo ITA"]
[Date "2013.05.12"]
[Round "4"]
[White "Pacilli, Emanuele"]
[Black "Ramundi, Claudia"]
[WhiteElo "2171"]
[BlackElo "1581"]
[Result "1-0"]
[PlyCount "89"]
[EventDate "2013.05.11"]

1. e4 e5 2. Nf3 Nc6 3. Bb5 d6 4. c3 Nf6 5. d3 Bd7 6. Nbd2 a6 7. Ba4 Be7 8. Nf1
b5 9. Bc2 Bc8 10. Ng3 Bb7 11. Nh4 Qd7 12. Nhf5 g6 13. Nh6 O-O-O 14. Nxf7 Rhf8
15. Nxd8 Qxd8 16. Bh6 Re8 17. h3 d5 18. Qe2 Bc5 19. a3 Qd7 20. Bg5 Ng8 21. exd5
Qxd5 22. Ne4 Bb6 23. Be3 Bxe3 24. Qxe3 Rf8 25. Qc5 Qd8 26. a4 bxa4 27. Rxa4
Nge7 28. Qa3 Qd5 29. O-O Kd8 30. Bb3 Qd7 31. Nc5 Qc8 32. Be6 Qa8 33. Nxa6 Bc8
34. Nb4 Qb7 35. Nxc6+ Qxc6 36. Bxc8 Kxc8 37. Ra8+ Kd7 38. Rxf8 Qd5 39. d4 e4
40. Re1 Nf5 41. Qc5 Qe6 42. d5 Qe5 43. Rxe4 Qd6 44. Qb5+ c6 45. Qb7+ 1-0

[Event "C.to Regionale Abruzzo"]
[Site "Cappelle sul Tavo ITA"]
[Date "2013.05.12"]
[Round "4"]
[White "Ramundi, Lorenzo"]
[Black "Coronel, Joshua"]
[WhiteElo "1649"]
[BlackElo "1948"]
[Result "1/2-1/2"]
[PlyCount "85"]
[EventDate "2013.05.11"]

1. e4 c5 2. Nc3 Nc6 3. f4 g6 4. Nf3 Bg7 5. Bb5 Nd4 6. O-O Nxb5 7. Nxb5 d5 8.
exd5 a6 9. Nc3 Nf6 10. d4 Nxd5 11. dxc5 Nxc3 12. Qxd8+ Kxd8 13. bxc3 Bxc3 14.
Rb1 Kc7 15. Rb3 Bg7 16. Bd2 Bf5 17. Ba5+ Kc8 18. Rb6 Be4 19. Ng5 Bd4+ 20. Kh1
Bc6 21. Nxf7 Rf8 22. Ng5 Bxc5 23. Rbb1 Bd6 24. Nxh7 Rxf4 25. Rxf4 Bxf4 26. Rf1
e5 27. Nf8 g5 28. Bb6 e4 29. Rd1 Bc7 30. Bxc7 Kxc7 31. Ne6+ Kb6 32. Nxg5 Rf8
33. Kg1 Rf5 34. h4 Ra5 35. g4 Ra3 36. Kf2 Rxa2 37. Ke3 Rxc2 38. Nxe4 Rg2 39.
Nf6 Rg3+ 40. Kf4 Rf3+ 41. Kg5 Ba4 42. Rb1+ Rb3 43. Rf1 1/2-1/2

[Event "C.to Regionale Abruzzo"]
[Site "Cappelle sul Tavo ITA"]
[Date "2013.05.12"]
[Round "4"]
[White "Scurti, Gino"]
[Black "Cerasoli, Mauro"]
[WhiteElo "1671"]
[BlackElo "1723"]
[Result "0-1"]
[PlyCount "122"]
[EventDate "2013.05.11"]

1. e4 d6 2. d4 Nf6 3. Nc3 g6 4. f4 Bg7 5. Nf3 Bg4 6. Be2 O-O 7. h3 Bxf3 8. Bxf3
c6 9. Be3 Nbd7 10. Qd2 e5 11. g4 h6 12. h4 Nh7 13. f5 exd4 14. Bxd4 Ne5 15. Be2
g5 16. Be3 f6 17. O-O-O gxh4 18. Bxh6 Rf7 19. Bf4 Rd7 20. Rxh4 Ng5 21. Rdh1
Ngf3 22. Qe3 Nxh4 23. Rxh4 Kf7 24. Rh7 Qf8 25. Bh6 Ke8 26. Qh3 Bxh6+ 27. Rxh6
Nf7 28. Rh7 Rad8 29. Bc4 d5 30. exd5 cxd5 31. Bb5 Qe7 32. Bxd7+ Rxd7 33. Qg3 d4
34. Nd1 Rc7 35. Rh1 Qc5 36. Qb3 Qe5 37. Qe6+ Qxe6 38. fxe6 Ng5 39. Nf2 Ke7 40.
Nd3 Kxe6 41. Re1+ Kd6 42. Nf4 Rc5 43. Re8 Re5 44. Rd8+ Kc6 45. Rxd4 Re4 46.
Rxe4 Nxe4 47. Ng2 Kd5 48. c3 Nf2 49. Ne3+ Ke4 50. Kd2 Kf3 51. c4 Nxg4 52. Nxg4
Kxg4 53. Ke2 Kf4 54. b4 Ke4 55. c5 Kd5 56. a3 a5 57. bxa5 Kxc5 58. a4 Kb4 59.
a6 bxa6 60. Kf3 Kxa4 61. Kf4 Kb3 0-1

[Event "C.to Regionale Abruzzo"]
[Site "Cappelle sul Tavo ITA"]
[Date "2013.05.25"]
[Round "5"]
[White "Cerasoli, Mauro"]
[Black "Marrocco, Dario"]
[WhiteElo "1723"]
[BlackElo "1723"]
[Result "1-0"]
[PlyCount "69"]
[EventDate "2013.05.11"]

1. d4 Nf6 2. c4 g6 3. Nc3 Bg7 4. e4 d6 5. f4 O-O 6. Nf3 c5 7. d5 Nbd7 8. Bd3
Re8 9. O-O Nf8 10. h3 e6 11. e5 dxe5 12. fxe5 N6d7 13. Bg5 Qb6 14. dxe6 Nxe6
15. Nd5 Qxb2 16. Rf2 Qa3 17. Bc1 Qa5 18. Bb2 Nd4 19. Bxd4 cxd4 20. Nxd4 Nxe5
21. Nb3 Qd8 22. Rc1 Nxd3 23. Qxd3 Be6 24. Rcf1 Bxd5 25. cxd5 Qb6 26. Kh1 Re7
27. d6 Rd7 28. Qd5 Rf8 29. Rd2 Bh6 30. Rd3 Rfd8 31. Nc5 Rxd6 32. Qxf7+ Kh8 33.
Rxd6 Qxd6 34. Nxb7 Qd5 35. Qf6+ 1-0

[Event "C.to Regionale Abruzzo"]
[Site "Cappelle sul Tavo ITA"]
[Date "2013.05.25"]
[Round "5"]
[White "Coronel, Joshua"]
[Black "Cerquitella, Luca"]
[WhiteElo "1948"]
[BlackElo "2291"]
[Result "0-1"]
[PlyCount "70"]
[EventDate "2013.05.11"]

1. e4 e5 2. Nf3 Nc6 3. Bb5 a6 4. Ba4 Nf6 5. O-O Be7 6. Re1 b5 7. Bb3 d6 8. c3
O-O 9. h3 Na5 10. Bc2 c5 11. d4 Nd7 12. Nbd2 exd4 13. cxd4 Nc6 14. d5 Nce5 15.
a4 Rb8 16. axb5 axb5 17. b4 Bf6 18. Ra2 cxb4 19. Nd4 Qb6 20. N2b3 Nc5 21. Bd2
Ned3 22. Re3 Nxb3 23. Nxb3 Nb2 24. Qh5 Nc4 25. Rg3 Be5 26. Rxg7+ Bxg7 27. e5 f5
28. e6 Qd8 29. Ra7 Rb7 30. Rxb7 Bxb7 31. Bxf5 Rxf5 32. Qxf5 Qf6 33. Qxf6 Bxf6
34. Bxb4 Bxd5 35. e7 Kf7 0-1

[Event "C.to Regionale Abruzzo"]
[Site "Cappelle sul Tavo ITA"]
[Date "2013.05.25"]
[Round "5"]
[White "Di Gregorio, Romeo"]
[Black "Ramundi, Lorenzo"]
[WhiteElo "1467"]
[BlackElo "1649"]
[Result "1-0"]
[PlyCount "99"]
[EventDate "2013.05.11"]

1. d4 c5 2. d5 e5 3. e4 d6 4. Bb5+ Bd7 5. Bxd7+ Nxd7 6. c4 Ngf6 7. Nc3 Be7 8.
Be3 O-O 9. f3 Ne8 10. Qd3 g6 11. g4 Bh4+ 12. Kd2 Ng7 13. Nge2 a6 14. Kc2 Qe7
15. Rhg1 Rab8 16. a4 Bg5 17. Rg2 Rfc8 18. Rh1 Bxe3 19. Qxe3 Ne8 20. h4 Qf8 21.
h5 Qg7 22. hxg6 fxg6 23. Ng3 Nef6 24. g5 Ne8 25. Rgh2 Nf8 26. b3 Qf7 27. Rf2
Qe7 28. Rhf1 Ng7 29. f4 exf4 30. Rxf4 Nd7 31. Nge2 Rf8 32. Nc1 Ne5 33. Nd3 Nxd3
34. Kxd3 Rxf4 35. Qxf4 Rf8 36. Qxf8+ Qxf8 37. Rxf8+ Kxf8 38. e5 Ne8 39. Ne4
dxe5 40. Nxc5 Nd6 41. Nd7+ Ke7 42. Nxe5 b5 43. Nc6+ Kf7 44. c5 Nf5 45. a5 h6
46. gxh6 Nxh6 47. Ne5+ Kf6 48. Ke4 g5 49. c6 Ng8 50. d6 1-0

[Event "C.to Regionale Abruzzo"]
[Site "Cappelle sul Tavo ITA"]
[Date "2013.05.26"]
[Round "6"]
[White "Cerquitella, Luca"]
[Black "Pacilli, Emanuele"]
[WhiteElo "2291"]
[BlackElo "2171"]
[Result "1-0"]
[PlyCount "79"]
[EventDate "2013.05.11"]

1. e4 e5 2. Nf3 d6 3. d4 exd4 4. Nxd4 Nc6 5. Nc3 Be7 6. Bc4 Nf6 7. O-O O-O 8.
h3 Ne5 9. Be2 Re8 10. f4 Ned7 11. Nb3 c6 12. a4 Qb6+ 13. Kh1 a5 14. Bd3 Bf8 15.
Qf3 Nc5 16. Be3 Qb4 17. Nxc5 dxc5 18. e5 Nd7 19. Bd2 Qb6 20. b3 Qc7 21. Rae1 b6
22. Ne4 Ba6 23. c4 Be7 24. Bc3 Rad8 25. Qg4 Bf8 26. Ng5 h6 27. Nh7 Bc8 28. e6
fxe6 29. Qg6 Qd6 30. Nxf8 Qxf8 31. Qh7+ Kf7 32. Bg6+ Ke7 33. Bxe8 Rxe8 34.
Qxg7+ Qxg7 35. Bxg7 Rg8 36. Bxh6 Nf6 37. Bg5 Kf7 38. Bxf6 Kxf6 39. g4 Rd8 40.
Rd1 1-0

[Event "C.to Regionale Abruzzo"]
[Site "Cappelle sul Tavo ITA"]
[Date "2013.05.26"]
[Round "6"]
[White "Coronel, Joshua"]
[Black "Cerasoli, Mauro"]
[WhiteElo "1948"]
[BlackElo "1723"]
[Result "1-0"]
[PlyCount "43"]
[EventDate "2013.05.11"]

1. e4 d6 2. d4 Nf6 3. Nc3 g6 4. f4 Bg7 5. Nf3 Bg4 6. h3 Bxf3 7. Qxf3 c6 8. Be3
Nbd7 9. e5 Ng8 10. Bd3 Qc7 11. O-O O-O-O 12. Ne4 h5 13. Ng5 Nh6 14. e6 Nf8 15.
exf7 e6 16. b4 Nxf7 17. Nxf7 Qxf7 18. Rab1 e5 19. dxe5 dxe5 20. f5 Kb8 21. b5
gxf5 22. bxc6 1-0

[Event "C.to Regionale Abruzzo"]
[Site "Cappelle sul Tavo ITA"]
[Date "2013.05.26"]
[Round "6"]
[White "Marrocco, Dario"]
[Black "Di Gregorio, Romeo"]
[WhiteElo "1723"]
[BlackElo "1467"]
[Result "0-1"]
[PlyCount "24"]
[EventDate "2013.05.11"]

1. e4 Nc6 2. d4 d5 3. exd5 Qxd5 4. c3 e5 5. Qe2 Be6 6. dxe5 O-O-O 7. Be3 Nxe5
8. Nd2 Qc6 9. h3 Nd3+ 10. Kd1 Nxb2+ 11. Kc2 Qa4+ 12. Kxb2 Ba3+ 0-1

[Event "C.to Regionale Abruzzo"]
[Site "Cappelle sul Tavo ITA"]
[Date "2013.05.26"]
[Round "6"]
[White "Ramundi, Lorenzo"]
[Black "Ramundi, Claudia"]
[WhiteElo "1649"]
[BlackElo "1581"]
[Result "1-0"]
[PlyCount "67"]
[EventDate "2013.05.11"]

1. e4 e5 2. Nf3 Nc6 3. d4 exd4 4. Bc4 Nf6 5. e5 Ne4 6. Bd5 Nc5 7. O-O Be7 8.
Nxd4 O-O 9. f4 Ne6 10. Nf3 Bc5+ 11. Kh1 Ne7 12. Bc4 Nf5 13. Bd3 Ne3 14. Bxe3
Bxe3 15. Bxh7+ Kh8 16. g3 g6 17. Qd3 Bxf4 18. gxf4 Kxh7 19. f5 Ng5 20. fxg6+
Kg7 21. Nxg5 Qxg5 22. gxf7 Qxe5 23. Qf3 d6 24. Rg1+ Kh7 25. Nc3 Qe6 26. Ne4 Qe5
27. Qe3 Bf5 28. Ng5+ Kh8 29. Qxe5+ dxe5 30. Rae1 e4 31. Ref1 Bg6 32. Rf4 Rad8
33. Ne6 Kh7 34. Rh4+ 1-0

[Event "C.to Regionale Abruzzo"]
[Site "Cappelle sul Tavo ITA"]
[Date "2013.05.26"]
[Round "7"]
[White "Cerasoli, Mauro"]
[Black "Ramundi, Lorenzo"]
[WhiteElo "1723"]
[BlackElo "1649"]
[Result "0-1"]
[PlyCount "70"]
[EventDate "2013.05.11"]

1. d4 c5 2. Nf3 cxd4 3. Qxd4 Nc6 4. Qa4 Nf6 5. e4 e6 6. Bg5 h6 7. Bxf6 Qxf6 8.
c3 Bc5 9. Be2 O-O 10. O-O a6 11. Nbd2 d5 12. Nb3 Bd6 13. exd5 exd5 14. Nbd4 Re8
15. Bd3 Bg4 16. Rae1 Qf4 17. g3 Qf6 18. Kg2 Bc5 19. Re3 b5 20. Rxe8+ Rxe8 21.
Qxa6 Re6 22. Qc8+ Bf8 23. h3 Bxf3+ 24. Nxf3 b4 25. Rc1 bxc3 26. Rxc3 Nb4 27.
Bb1 d4 28. Rb3 Nc6 29. Bd3 g6 30. a3 Kg7 31. Rb7 Ne7 32. Qa8 Nc6 33. b4 Ne5 34.
Nxe5 Rxe5 35. Bc4 Qc6+ 0-1

[Event "C.to Regionale Abruzzo"]
[Site "Cappelle sul Tavo ITA"]
[Date "2013.05.26"]
[Round "7"]
[White "Cerquitella, Luca"]
[Black "Scurti, Gino"]
[WhiteElo "2291"]
[BlackElo "1671"]
[Result "1-0"]
[PlyCount "47"]
[EventDate "2013.05.11"]

1. e4 c5 2. c3 g6 3. d4 cxd4 4. cxd4 d6 5. Nc3 Bg7 6. h3 Nc6 7. Nf3 Nf6 8. Be2
O-O 9. O-O a6 10. a4 Qc7 11. Be3 b6 12. Rc1 Qd7 13. d5 Ne5 14. Nxe5 dxe5 15.
Bxb6 Bb7 16. a5 Rac8 17. Bd3 Ne8 18. Qe2 Nd6 19. b3 Ra8 20. Na4 Rfc8 21. Nc5
Rxc5 22. Rxc5 Nc8 23. Rc7 Nxb6 24. axb6 1-0

[Event "C.to Regionale Abruzzo"]
[Site "Cappelle sul Tavo ITA"]
[Date "2013.05.26"]
[Round "7"]
[White "Marrocco, Dario"]
[Black "Coronel, Joshua"]
[WhiteElo "1723"]
[BlackElo "1948"]
[Result "0-1"]
[PlyCount "52"]
[EventDate "2013.05.11"]

1. c4 Nf6 2. Nc3 g6 3. g3 Bg7 4. Bg2 c6 5. d3 d5 6. cxd5 Nxd5 7. Bd2 O-O 8. Qb3
Nb6 9. Nf3 Na6 10. Be3 Be6 11. Qa3 h6 12. Rd1 Nd5 13. Nxd5 Bxd5 14. O-O e5 15.
b3 Nc7 16. Qb4 Qd7 17. Qd2 Kh7 18. Bc5 Rfe8 19. e4 Be6 20. d4 b6 21. Ba3 exd4
22. Nxd4 Qxd4 23. Qxd4 Bxd4 24. Rxd4 Nb5 25. Ra4 Nc3 26. Rd4 Ne2+ 0-1

[Event "C.to Regionale Abruzzo"]
[Site "Cappelle sul Tavo ITA"]
[Date "2013.05.26"]
[Round "7"]
[White "Pacilli, Emanuele"]
[Black "Di Gregorio, Romeo"]
[WhiteElo "2171"]
[BlackElo "1467"]
[Result "1-0"]
[PlyCount "62"]
[EventDate "2013.05.11"]

1. e4 c5 2. Nf3 e6 3. d4 cxd4 4. Nxd4 a6 5. Nc3 b5 6. Bd3 Qb6 7. Be3 Bc5 8.
Nce2 Nf6 9. c3 Ng4 10. b4 Nxe3 11. bxc5 Nxd1 12. cxb6 Nb2 13. Bc2 Bb7 14. a4
bxa4 15. Ra2 a3 16. Rxa3 Nc4 17. Ra4 d5 18. exd5 Bxd5 19. b7 Ra7 20. Nb5 axb5
21. Rxa7 O-O 22. Nd4 Nd6 23. f3 Bxb7 24. Bd3 Nc6 25. Rxb7 Nxd4 26. Rd7 N4f5 27.
g4 Nh4 28. Rxd6 Nxf3+ 29. Ke2 Ne5 30. h3 Rc8 31. Bxb5 g6 1-0